| 000 | 00651nam a2200241Ia 4500 | ||
|---|---|---|---|
| 003 | OSt | ||
| 005 | 20230518110756.0 | ||
| 008 | 210423s2013 xx 000 0 und d | ||
| 020 | _a978-81-775-8116-4 | ||
| 040 | _cAL | ||
| 041 | _aeng | ||
| 082 |
_a658.84 _223 _bKALE |
||
| 100 |
_aKalakota (Ravi);ROBINSON (Marcia) _9107910 |
||
| 245 | _aE-Business 2.0: roadmap for success Ed 2 | ||
| 250 | _a2 | ||
| 260 |
_bPearson _c2013 |
||
| 300 |
_a544 _bPB |
||
| 365 |
_b660 _cINR |
||
| 650 |
_aManagement _9107911 |
||
| 650 |
_aMarketing Management _9107912 |
||
| 906 | _a2.0: ; 2.0:roadmap ; E-Business ; Ed ; roadmap ; success | ||
| 942 |
_2ddc _cBK |
||
| 999 |
_c166705 _d166705 |
||